00865cam a22002651 4500001001300000003000400013005001700017008004100034010001700075025001800092035002000110040001800130042001200148050001800160100001600178245014100194260002400335300001800359500001900377500007600396650002400472651003300496710005300529999001700582he 67001204 DLC20260227111447.0850708s1965 is 000 0 eng  ahe 67001204  aPL480:Is-2620 a(OCoLC)12241678 aDLCcCLUdDLC apremarc00aHC497.P2bM361 aMars, John.02aA report to the Executive Secretary on investigations into the economics and the institutional framework of industrialization in Israel. a[Jerusalem?c1965?] a30 l.c28 cm. aCaption title. aReport to the Executive Secretary, U.N. Economic Commission for Africa. 0aIndustrieszIsrael. 0aIsraelxEconomic conditions.2 aUnited Nations.bEconomic Commission for Africa. c32446d32446